Lost in Entertainment Quiz Stats

 Plays Quiz Updated Jul 15, 2017

Support Sporcle.
Go Orange.
Score 0/20 Timer 04:00
0 Plays Today
% Correct
Raiders of the Lost Ark
96.3%
Lost in Translation
85.6%
Love's Labour's Lost
77.9%
Lost
77.3%
The Lost World: Jurassic Park
77.2%
Lost in Space
73.9%
The Lost Boys
73.8%
Home Alone 2: Lost in New York
73.4%
You've Lost That Loving Feeling
72.3%
Allan Quatermain and the Lost City of Gold
66.3%
% Correct
Lost Without U
48.6%
Lost Kingdom Adventure
48.1%
Land of the Lost
38.1%
Lost in America
36.9%
The Lost Weekend
36.8%
Lost Without Your Love
35.9%
Lost in Emotion
33.5%
Lost Horizon
30.5%
Must of Got Lost
23.3%
Lost Girl
21%

You're not logged in!

Compare scores with friends on all Sporcle quizzes.
OR
Log In
Forgot?

From the Vault

First Edition Covers of Classic American Novels

by emilyda24

Having a first edition of anything is definitely worth some bragging points, right?
Remove Ads.
Support Sporcle.
Get the best of Sporcle when you Go Orange. This ad-free experience offers more features, more stats, and more fun while also helping to support Sporcle. Thank you for becoming a member.

Show Comments

Extras

Top Quizzes Today


Score Distribution

Your Account Isn't Verified!

In order to create a playlist on Sporcle, you need to verify the email address you used during registration. Go to your Sporcle Settings to finish the process.

Report this User

Report this user for behavior that violates our Community Guidelines.

Details: